Statistiques concernant Vainqueurs des championnats du monde de snooker de 2007-2021

Cliquez ici pour prendre le quiz!

Statistiques générales

  • Ce quiz a été pris 17 fois
  • Le résultat moyen est 7 sur 15

Statistiques - réponses

QuestionRéponse% Correct
Qui as gagné en 2008 ?Ronnie O’Sullivan
88%
Qui as gagné en 2020 ?Ronnie O’Sullivan
69%
Qui as gagné en 2021 ?Mark Selby
63%
Qui as gagné en 2012 ?Ronnie O’Sullivan
63%
Qui as gagné en 2011 ?John Higgins
50%
Qui as gagné en 2014 ?Mark Selby
50%
Qui as gagné en 2016 ?Mark Selby
50%
Qui as gagné en 2010Neil Robertson
50%
Qui as gagné en 2013Ronnie O’Sullivan
50%
Qui as gagné en 2019 ?Judd Trump
31%
Qui as gagné en 2018 ?Mark Williams
31%
Qui as gagné en 2015 ?Stuart Bingham
31%
Qui as gagné en 2007John Higgins
25%
Qui as gagné en 2017 ?Mark Selby
25%
Qui as gagné en 2009 ?John Higgins
19%

Distribution des résultats

Percentile par nombre de réponses

% des personnes avec chaque résultat

Votre développement - résultats

Vous n’avez pas pris ce quiz